Selecciones Campeonas del Mundo ¡Muerte Súbita! - Estadísticas

Estadísticas generales
  • Esta prueba ha sido intentada 261 veces
  • La puntuación promedio es 6 de 8
Answers on the Grid
Answers color-coded by a green-red scale on the quiz's grid according to % correct below.
Argentina
Brasil
Alemania
Francia
Uruguay
España
Inglaterra
Italia
Argelia
India
Albania
Barbados
Ucrania
Países Bajos
Portugal
Estonia
Rusia
Hungría
Chile
Indonesia
Honduras
Paraguay
China
Australia
Andorra
Irlanda
Botsuana
Costa de Marfil
Cabo Verde
Estados Unidos
Hungría
Finlandia
Austria
Canadá
Colombia
Japón
 
Estadísticas de respuestas
Respuesta % Correcto
España
82%
Brasil
75%
Argentina
73%
Alemania
70%
Inglaterra
70%
Francia
69%
Italia
68%
Uruguay
68%
No se encontraron pruebas coincidentes
Distribución de puntuación
Porcentaje de gente con cada puntuación
Porcentaje por número respondido
Historial de tus puntuaciones
No has intentado esta prueba.